Tuyển tập tư liệu nghiên cứu lịch sử triết học Trung Quốc

Gespeichert in:
Bibliographische Detailangaben
1. Verfasser: Hà Thúc Minh
Format: Buch
Sprache:Undetermined
Veröffentlicht: Tp. HCM Trường Đại học Tổng hợp Tp. HCM 1995
Schlagworte:
Tags: Tag hinzufügen
Keine Tags, Fügen Sie den ersten Tag hinzu!
Thư viện lưu trữ: Trung tâm Học liệu Trường Đại học Cần Thơ
LEADER 00603nam a2200181Ia 4500
001 CTU_35607
008 210402s9999 xx 000 0 und d
082 |a 181.11 
082 |b M312 
100 |a Hà Thúc Minh 
245 0 |a Tuyển tập tư liệu nghiên cứu lịch sử triết học Trung Quốc 
245 0 |c Hà Thúc Minh 
260 |a Tp. HCM 
260 |b Trường Đại học Tổng hợp Tp. HCM 
260 |c 1995 
650 |a philosophy, chinese 
904 |i Nguyễn Quang Điền, 000306 
980 |a Trung tâm Học liệu Trường Đại học Cần Thơ